Maladie hémorroïdaire et épices : lien réel ou vue de l’esprit ? (notice n° 1673177)

détails MARC
000 -LEADER
fixed length control field 02359cam a2200289 4500500
005 - DATE AND TIME OF LATEST TRANSACTION
control field 20260301001113.0
041 ## - LANGUAGE CODE
Language code of text/sound track or separate title fre
042 ## - AUTHENTICATION CODE
Authentication code dc
100 10 - MAIN ENTRY--PERSONAL NAME
Personal name Soulabaille, Audrey
Relator term author
245 00 - TITLE STATEMENT
Title Maladie hémorroïdaire et épices : lien réel ou vue de l’esprit ?
260 ## - PUBLICATION, DISTRIBUTION, ETC.
Date of publication, distribution, etc. 2024.<br/>
500 ## - GENERAL NOTE
General note 39
520 ## - SUMMARY, ETC.
Summary, etc. Given its frequency in the general population and its major impact on the quality of life of patients suffering from it, haemorrhoidal disease is a real subject of public interest. On a daily basis, doctors are faced with patients’ questions about the existence of potential triggering factors and, in particular, the role of spicy food in preventing and managing attacks. Despite the paucity of literature and the many complex physiopathology factors involved, this mini-review takes stock of current knowledge on the potential link between haemorrhoidal disease and spices, in an attempt to unravel the myth from the reality of this commonly accepted relationship.
520 ## - SUMMARY, ETC.
Summary, etc. Compte tenu de sa fréquence en population générale et de son impact majeur sur la qualité de vie des patients qui en sont atteints, la maladie hémorroïdaire constitue un véritable sujet animant le grand public. Les médecins font face quotidiennement aux interrogations des patients sur l’existence de potentiels facteurs déclenchants et en particulier le rôle de l’alimentation épicée, dans un souci de prévention et de gestion des crises. En dépit d’une littérature pauvre et d’une physiopathologie multiple et complexe, cette mini-revue dresse un état des lieux des connaissances actuelles sur le lien potentiel entre maladie hémorroïdaire et épices pour tenter de démêler le mythe de la réalité de cette relation communément admise.
690 ## - LOCAL SUBJECT ADDED ENTRY--TOPICAL TERM (OCLC, RLIN)
Topical term or geographic name as entry element épices
690 ## - LOCAL SUBJECT ADDED ENTRY--TOPICAL TERM (OCLC, RLIN)
Topical term or geographic name as entry element hémorroïdes
690 ## - LOCAL SUBJECT ADDED ENTRY--TOPICAL TERM (OCLC, RLIN)
Topical term or geographic name as entry element haemorrhoids
690 ## - LOCAL SUBJECT ADDED ENTRY--TOPICAL TERM (OCLC, RLIN)
Topical term or geographic name as entry element spices
700 10 - ADDED ENTRY--PERSONAL NAME
Personal name Alam, Amine Antonin
Relator term author
700 10 - ADDED ENTRY--PERSONAL NAME
Personal name Barré, Amélie
Relator term author
700 10 - ADDED ENTRY--PERSONAL NAME
Personal name Pommaret, Élise
Relator term author
700 10 - ADDED ENTRY--PERSONAL NAME
Personal name Benfredj, Paul
Relator term author
700 10 - ADDED ENTRY--PERSONAL NAME
Personal name Fathallah, Nadia
Relator term author
700 10 - ADDED ENTRY--PERSONAL NAME
Personal name Parades, Vincent
Relator term author
786 0# - DATA SOURCE ENTRY
Note Hépato-Gastro & Oncologie Digestive | 31 | 7 | 2024-09-25 | p. 672-677 | 2115-3310
856 41 - ELECTRONIC LOCATION AND ACCESS
Uniform Resource Identifier <a href="https://stm.cairn.info/revue-hepato-gastro-et-oncologie-digestive-2024-7-page-672?lang=fr&redirect-ssocas=7080">https://stm.cairn.info/revue-hepato-gastro-et-oncologie-digestive-2024-7-page-672?lang=fr&redirect-ssocas=7080</a>

Pas d'exemplaire disponible.

PLUDOC

PLUDOC est la plateforme unique et centralisée de gestion des bibliothèques physiques et numériques de Guinée administré par le CEDUST. Elle est la plus grande base de données de ressources documentaires pour les Étudiants, Enseignants chercheurs et Chercheurs de Guinée.

Adresse

627 919 101/664 919 101

25 boulevard du commerce
Kaloum, Conakry, Guinée

Réseaux sociaux

Powered by Netsen Group @ 2025